000 00510cam a22001815i 4500
020 _a9718778543
040 _cDLC
082 _aPAR CAL 2003 C326 Or.
100 1 _aCalub, Blesilda,
245 1 0 _aParticipatory Rural Appraisal/
300 _axi, 81 pages ;
_c30 cm
700 1 _aAfrica, Leila S.,
700 1 _aBurgos, Bessie,
700 1 _aCustodio, Henry M.,
700 1 _aPunto, Maria Katrina R.,
710 2 _aSEAMEO Regional Center for Graduate Study and Research in Agriculture,
942 _cAEDBB
999 _c22252
_d22252